The New dynamics of winning : gain the mind set of a champion for unlimited success in business and life

Bibliographic Details
Main Author: Waitley, Denis
Format: Book
Published: New York : William Morrow , 1993
Subjects:

MARC

LEADER 00000cam a2200000 7i4500
001 0000001633
002 000001782
005 20000330.0
020 |a 0688115624 
090 0 0 |a 158.2   |b WAI 
100 1 |a Waitley, Denis 
245 1 4 |a The New dynamics of winning :   |b gain the mind set of a champion for unlimited success in business and life   |c Denis Waitley 
260 |a New York :   |b William Morrow ,   |c 1993 
300 |a 221p. ;   |c 22cm. 
650 0 0 |a Success   |x Psychological aspects 
999 |a 034546   |b BUKU   |c PINJAMAN   |e PERPUSTAKAAN KOMUNITI PETALING JAYA